000 00546nam a2200205 i 4500
001 bg
100 1 _aLUECKE, Gerald.
245 0 _aPamięci półprzewodnikowe :
_bprojektowanie i zastosowanie /
_cGerald Luecke, Jack Mize, William Carr.
260 _aWarszawa,
_c1978.
490 1 _aInformatyka
650 9 _aPółprzewodniki
650 9 _aInformatyka
700 1 _aMIZE, Jack P.
700 1 _aCARR, William N.
830 _aInformatyka
040 _cBPK
041 _apol
942 _cKS
008 s pl f |000 0 pol
999 _c18058
_d18058
856 _uhttp://koha.tu.koszalin.pl/cgi-bin/koha/opac-detail.pl?biblionumber=18058
_yKatalog online BPK